| 000 | 00463nam a22001577a 4500 | ||
|---|---|---|---|
| 003 | macl | ||
| 005 | 20221019161755.0 | ||
| 008 | 221019b |||||||| |||| 00| 0 eng d | ||
| 040 | _cmacl | ||
| 082 | _a891.431/KAM/P | ||
| 100 |
_aकुुमारी, डॉ किरण _981464 |
||
| 245 | _aयुग -धर्म | ||
| 260 |
_aदिल्ली _bसदााचार प्रकाशन _c2022 |
||
| 650 | _aकविता | ||
| 942 |
_2ddc _cHIN |
||
| 999 |
_c65467 _d65467 |
||